History Quiz

Random History Quiz

President's Wives' Maiden Names Quiz Stats

 Plays Quiz not verified by Sporcle

Challenge
Share
Tweet
Embed
Score 0/51 Timer 10:00
0 Plays Today
Name Maiden Name % Correct
Mary LincolnMary Todd
80%
Eleanor RooseveltEleanor Roosevelt
80%
Jacqueline KennedyJacqueline Bouvier
80%
Hillary ClintonHillary Rodham
80%
Michelle ObamaMichelle Robinson
75%
Abigail AdamsAbigail Smith
65%
Frances ClevelandFrances Folsom
65%
Barbara BushBarbara Pierce
65%
Marla MaplesMarla Maples
65%
Jane ReaganJane Wyman
61.1%
Martha WashingtonMartha Dandridge
60%
Julia GrantJulia Dent
60%
Martha JeffersonMartha Wayles
55%
Jane PierceJane Appleton
55%
Nancy ReaganNancy Robbins Davis
55%
Julia TylerJulia Gardiner
50%
Florence HardingFlorence Kling
50%
Mamie EisenhowerMamie Doud
50%
Pat NixonPatricia Ryan
50%
Dolley MadisonDolley Payne
45%
Hannah Van BurenHannah Hoes
45%
Sarah PolkSarah Childress
45%
Edith RooseveltEdith Carow
45%
Lou HooverLou Henry
45%
Rachel JacksonRachel Donelson
40%
Letitia TylerLetitia Christian
40%
Name Maiden Name % Correct
Margaret 'Peggy' TaylorMargaret Smith
40%
Abigail FillmoreAbigail Powers
40%
Eliza JohnsonEliza McCardle
40%
Lucy HayesLucy Webb
40%
Ida McKinleyIda Saxton
40%
Edith WilsonEdith Bolling
40%
Grace CoolidgeGrace Goodhue
40%
Claudia 'Lady Bird' JohnsonClaudia Taylor
40%
Betty FordElizabeth Bloomer
40%
Laura BushLaura Welch
40%
Elizabeth MonroeElizabeth Kortright
35%
Caroline HarrisonCaroline Scott
35%
Helen 'Nellie' TaftHelen Herron
35%
Rosalynn CarterRosalynn Smith
35%
Louisa AdamsLouisa Johnson
30%
Anna HarrisonAnna Symmes
30%
Harriet LaneHarriet Lane
30%
Lucretia GarfieldLucretia Rudolph
30%
Alice RooseveltAlice Hathaway Lee
30%
Ellen WilsonEllen Axson
30%
Melania TrumpMelania Knavs
30%
Ellen ArthurEllen Lewis Herndon
25%
Bess TrumanElizabeth Wallace
25%
Caroline FillmoreCaroline Carmichael
20%
Ivana TrumpIvana Zelnícková
10%

You're not logged in!

Compare scores with friends on all Sporcle quizzes.
Join for Free
OR
Log In

You Might Also Like...

Show Comments

Extras

Top Quizzes Today


Score Distribution

Your Account Isn't Verified!

In order to create a playlist on Sporcle, you need to verify the email address you used during registration. Go to your Sporcle Settings to finish the process.

Report this User

Report this user for behavior that violates our Community Guidelines.

Details: